000 01182nam a2200289 i 4500
001 186525
003 SpMaBN
005 20250902090038.0
008 161122s2011 sp a |||| | spa d
020 _a978-84-89318-00-7
080 _a726.76(460.154)
080 _a726.54(460.154)
080 _a248.159(460.154)
100 1 _aMuñagorri Laguía, Miguel.
_9137531
245 1 0 _aMichaelem
_b: San Miguel en el camino guipuzcoano de las estrellas /
_cMiguel Muñagorri.
246 3 0 _aSan Miguel en el camino guipuzcoano de las estrellas
260 _aMadrid :
_bDelegación en Corte de la R.S.B.A.P.,
_c2011.
300 _a92 p. :
_bil. ;
_c20 x 20 cm.
504 _aBibliografía: p. 91-92.
594 _aPrecede al tít.: Real Sociedad Bascongada de los Amigos del País, Delegación en Corte = Euskalerriaren Adiskideen Elkartea, Gorteko Ordezkaritza.
594 _aEn port.: Eusko Jaurlaritza = Gobierno Vasco.
650 7 _aIglesias-
_zGuipúzcoa.
_9161355
650 7 _aMiguel (Arcángel)-
_xCulto.
_9161356
710 2 _aReal Sociedad Bascongada de los Amigos del País.
_bDelegación en Corte
_96371
852 _aES-MaACL
_jL-30870
999 _c186525
_d186525